000 01387nam a2200325Ia 4500
001 ebr10135536
003 CaPaEBR
006 m u
007 cr cn|||||||||
008 030327s2003 nyu sb 001 0 eng d
010 _z 2003048680
020 _z1403981558
020 _z1403962731 (pbk.)
020 _z1403962723
040 _aCaPaEBR
_cCaPaEBR
035 _a(OCoLC)560536289
050 1 4 _aBR563.N4
_bH68 2003eb
245 0 0 _aHow long this road
_h[electronic resource] :
_brace, religion, and the legacy of C. Eric Lincoln /
_cedited by Alton B. Pollard, III and Love Henry Whelchel, Jr.
260 _aHoundmills, Basingstoke, Hampshire ;
_aNew York :
_bPalgrave Macmillan,
_cc2003.
300 _axxi, 279 p.
504 _aIncludes bibliographical references and index.
533 _aElectronic reproduction.
_bPalo Alto, Calif. :
_cebrary,
_d2009.
_nAvailable via World Wide Web.
_nAccess may be limited to ebrary affiliated libraries.
600 1 0 _aLincoln, C. Eric
_q(Charles Eric),
_d1924-2000.
650 0 _aAfrican Americans
_xReligion
_vCongresses.
655 7 _aElectronic books.
_2local
700 1 _aPollard, Alton B.
_q(Alton Brooks),
_d1956-
700 1 _aWhelchel, L. H.
_q(Love Henry)
710 2 _aebrary, Inc.
856 4 0 _uhttp://site.ebrary.com/lib/rucke/Doc?id=10135536
_zAn electronic book accessible through the World Wide Web; click to view
999 _c187912
_d187912